LEADER 01164nam 2200373 450 001 990000842590203316 010 $a88-13-17925-1 035 $a0084259 035 $aUSA010084259 035 $a(ALEPH)000084259USA01 035 $a0084259 100 $a20020104d1992----km-y0itay0103----ba 101 $aita 102 $aIT 105 $a||||||||001yy 200 1 $aReligione, parola, scrittura$fa cura di Marco M. Olivetti 210 $aPadova$cCEDAM$d1992 215 $a554 p$d24 cm 225 2 $aBiblioteca dell'Archivio di filosofia$v8 300 $aTesti in francese, tedesco, italiano, inglese. Atti del convegno tenuto a Roma nel 1992 410 $12001$aBiblioteca dell'Archivio di filosofia$v8 606 0 $aReligione e filosofia$xCongressi$z1992 676 $a200.1 702 1$aOLIVETTI,$bMarco M. 801 0$aIT$bsalbc$gISBD 912 $a990000842590203316 951 $aCOLL. HOT 8$b1540 G$cCOLL. HOT 959 $aBK 969 $aGIU 979 $aPATTY$b90$c20020104$lUSA01$h1552 979 $c20020403$lUSA01$h1729 979 $aPATRY$b90$c20040406$lUSA01$h1658 996 $aReligione, parola, scrittura$9967988 997 $aUNISA LEADER 01111nam0-22003251i-450- 001 990004276360403321 005 20080924104916.0 035 $a000427636 035 $aFED01000427636 035 $a(Aleph)000427636FED01 035 $a000427636 100 $a19990604d1989----km-y1itay50------ba 101 0 $aita 105 $ay-------101c- 200 1 $a<>Infinito dei Greci e dei Romani 210 $aGenova$cDipartimento di Archeologia, Filologia Classica e loro tradizioni$d1989 215 $a120 p.$d22 cm 225 1 $aPubblicazioni del D.AR.FI.CL.ET$iNuova serie$v126 300 $aIn testa al front.: Universitą di Genova, Facoltą di lettere 300 $aAtti delle 16. Giornate filologiche genovesi, 22-23 febbraio 1988 610 0 $aInfinito$aConcezione$aAntichitą 676 $a111.6 712 12$aGiornate filologiche genovesi$d<16. ;$f1988 ;$eGenova> 801 0$aIT$bUNINA$gRICA$2UNIMARC 901 $aBK 912 $a990004276360403321 952 $aP2E-GENOVA-I.G.R.-1988$bBibl.8364$fFLFBC 959 $aFLFBC 996 $aInfinito dei greci e dei romani$9162114 997 $aUNINA LEADER 01037nam0 22002771i 450 001 SUN0020806 005 20151112111958.970 100 $a20040723d1983 |0engc50 ba 101 $aeng 102 $aGB 105 $a|||| ||||| 200 1 $aLimnology$fRobert G. Wetzel 205 $a2nd ed 210 $aPhiladelphia$aLondon$cSaunder$d1989 215 $a1 v. (various pagings)$cill.$d25 cm. 620 $dPhiladelphia$3SUNL000037 676 $a577.6$cEcologia acquatica$v22 700 1$aWetzel$b, Robert G.$3SUNV017068$0513675 712 $aSaunders$3SUNV000573$4650 790 1$aWetzel, Robert George$zWetzel, Robert G.$3SUNV058600 790 1$aWetzel, R. G.$zWetzel, Robert G.$3SUNV101990 801 $aIT$bSOL$c20200615$gRICA 912 $aSUN0020806 950 $aUFFICIO DI BIBLIOTECA DEL DIPARTIMENTO DI SCIENZE E TECNOLOGIE AMBIENTALI BIOLOGICHE E FARMACEUTICHE$d17CONS Ea2 $e17FSA1191 20040723 $sBuono 996 $aLimnology$9853321 997 $aUNICAMPANIA